000
00322nam a2200109Ia 4500
008
171211s9999 xx 000 0 und d
245
_a
Historical Dictionary of the Crusades
245
_c
Corliss K. Slack
260
_c
2003
650
_x
Encyclopedia and Dictionary
856
_u
http://down.ebook777.com/058/0810848554.pdf
999
_c
350157
_d
350157